Economía Internacional (Registro nro. 3174)
[ vista simple ]
| 000 -LEADER | |
|---|---|
| fixed length control field | 01683 a2200241 4500 |
| 001 - CONTROL NUMBER | |
| control field | 39986 |
| 005 - DATE AND TIME OF LATEST TRANSACTION | |
| control field | 20260407155656.0 |
| 008 - FIXED-LENGTH DATA ELEMENTS--GENERAL INFORMATION | |
| fixed length control field | 260407a1982 arg spa d |
| 003 - CONTROL NUMBER IDENTIFIER | |
| control field | AR-UNSa-BCEJYS |
| 040 ## - CATALOGING SOURCE | |
| Original cataloging agency | AR-UNSa-BCEJYS |
| Language of cataloging | spa |
| Transcribing agency | AR-UNSa-BCEJYS |
| 080 ## - UNIVERSAL DECIMAL CLASSIFICATION NUMBER | |
| Universal Decimal Classification number | 339.9 |
| Common auxiliary subdivision | Economía internacional en general. Relaciones económicas internacionales. Economía mundial |
| 020 ## - INTERNATIONAL STANDARD BOOK NUMBER | |
| International Standard Book Number | 978-968-451-421-8 |
| 100 1# - MAIN ENTRY--PERSONAL NAME | |
| Personal name | Chacholiades, Miltiades |
| 245 10 - TITLE STATEMENT | |
| Title | Economía Internacional |
| 264 #1 - PRODUCTION, PUBLICATION, DISTRIBUTION, MANUFACTURE, AND COPYRIGHT NOTICE | |
| Place of production, publication, distribution, manufacture | México : |
| Name of producer, publisher, distributor, manufacturer | McGraw-Hill |
| Date of production, publication, distribution, manufacture, or copyright notice | 1982 |
| 300 ## - PHYSICAL DESCRIPTION | |
| Extent | 677 p. |
| Dimensions | 24 cm. |
| 505 ## - FORMATTED CONTENTS NOTE | |
| Formatted contents note | Parte I: 1. Introducción - 2. Causas y efectos del comercio - 3. Costo de oportunidad e indiferencia de la comunidad - 4. Equilibrio internacional - 5. El modelo Heckscher-Ohlin - 6. Comprobación empírica - 7. Crecimiento y comercio - Parte II: 8. La teoría de los aranceles - 9. Distorsiones domésticas y objetivos no económicos - 10. Otras barreras comerciales y la política comercial de los Estados Unidos - 11. Uniones aduaneras - Parte III: 3. El proceso de ajuste internacional : 12. La balanza de pagos - 14. El problema de la balanza de pagos: un modelo básico - 15. El mecanismo de ajuste - precio - 16. El mecanismo de ajuste - ingreso - 17. El dinero y la balanza de pagos - Parte IV: Política de ajuste : 18. Política económica internacional - 19. Controles directos - 20. Política fiscal y monetaria para el equilibrio intermo y externo - 21. Tipos de cambio flexibles - 22. El sistema monetario internacional. |
| 590 ## - LOCAL NOTE (RLIN) | |
| Local note | niveau_biblio:m niveau_hierar:0 |
| 700 1# - ADDED ENTRY--PERSONAL NAME | |
| Personal name | Montes Negret, Fernando |
| 700 1# - ADDED ENTRY--PERSONAL NAME | |
| Personal name | Echeverry, Rubén Darío |
| 700 1# - ADDED ENTRY--PERSONAL NAME | |
| Personal name | Parajón Collada, Vicente |
| 942 ## - ADDED ENTRY ELEMENTS (KOHA) | |
| Koha item type | |
| Withdrawn status | Lost status | Damaged status | Not for loan | Home library | Current library | Shelving location | Date acquired | Total checkouts | Full call number | Barcode | Date last seen | Price effective from | Koha item type |
|---|---|---|---|---|---|---|---|---|---|---|---|---|---|
| Biblioteca Prof. Eusebio Cleto del Rey | Biblioteca Prof. Eusebio Cleto del Rey | 07/04/2026 | 339.9 C431 | L53213 | 07/04/2026 | 07/04/2026 | Libro |